Movies Quiz

Random Movies or Puzzle Quiz

Movie Poster Jigsaw Puzzles Quiz Stats

 Plays Quiz Updated Aug 1, 2013

Also try: Movie Cinemagraphs
Challenge
Share
Tweet
Score 0/25 Timer 07:00
4 Plays Today
% Correct
Home Alone
98.4%
Jaws
95%
Jurassic Park
94.6%
The Godfather
82.1%
Toy Story
79.4%
Airplane!
77.4%
Elf
77.2%
The Silence of the Lambs
76.3%
Kill Bill: Vol. 1
76%
Breakfast at Tiffany's
75.8%
The Dark Knight
73.9%
Avatar
72.2%
Forrest Gump
66.8%
% Correct
Star Wars
64.1%
Office Space
63%
E.T.
61.5%
Little Miss Sunshine
55.8%
The Sound of Music
55.4%
The Shawshank Redemption
53.5%
V for Vendetta
45.9%
300
43.8%
Rocky
40.8%
Butch Cassidy and the Sundance Kid
38.5%
Almost Famous
29.9%
The Graduate
26.9%

You're not logged in!

Compare scores with friends on all Sporcle quizzes.
Join for Free
OR
Log In

You Might Also Like...

Show Comments

Extras

Top Quizzes Today


Score Distribution

Your Account Isn't Verified!

In order to create a playlist on Sporcle, you need to verify the email address you used during registration. Go to your Sporcle Settings to finish the process.

Report this User

Report this user for behavior that violates our Community Guidelines.

Details: